<?xml version="1.0" encoding="UTF-8"?>
<record
    xmlns:xsi="http://www.w3.org/2001/XMLSchema-instance"
    xsi:schemaLocation="http://www.loc.gov/MARC21/slim http://www.loc.gov/standards/marcxml/schema/MARC21slim.xsd"
    xmlns="http://www.loc.gov/MARC21/slim">

  <leader>02643njm0a2200553   4500</leader>
  <controlfield tag="001">RU\NLR\ONIZ\308974</controlfield>
  <controlfield tag="005">20260426073421.0</controlfield>
  <datafield tag="035" ind1=" " ind2=" ">
    <subfield code="a">(NLR Aleph) 022787653</subfield>
  </datafield>
  <datafield tag="071" ind1="0" ind2="0">
    <subfield code="a">X-63585</subfield>
  </datafield>
  <datafield tag="071" ind1="0" ind2="0">
    <subfield code="a">&#x425;-63590</subfield>
  </datafield>
  <datafield tag="071" ind1="0" ind2="0">
    <subfield code="a">X 63585 IV</subfield>
  </datafield>
  <datafield tag="071" ind1="0" ind2="0">
    <subfield code="a">X 63590 IV</subfield>
  </datafield>
  <datafield tag="071" ind1="1" ind2="0">
    <subfield code="a">6539l</subfield>
  </datafield>
  <datafield tag="071" ind1="1" ind2="0">
    <subfield code="a">6544l</subfield>
  </datafield>
  <datafield tag="090" ind1=" " ind2=" ">
    <subfield code="a">13694371</subfield>
    <subfield code="c">13694371</subfield>
  </datafield>
  <datafield tag="100" ind1=" " ind2=" ">
    <subfield code="a">20180917d1908    u  y0rusy50      ca</subfield>
  </datafield>
  <datafield tag="102" ind1=" " ind2=" ">
    <subfield code="a">RU</subfield>
  </datafield>
  <datafield tag="126" ind1=" " ind2=" ">
    <subfield code="a">adaxdxu      ux</subfield>
    <subfield code="b">xxx</subfield>
  </datafield>
  <datafield tag="127" ind1=" " ind2=" ">
    <subfield code="a">000500</subfield>
  </datafield>
  <datafield tag="135" ind1=" " ind2=" ">
    <subfield code="a">honoannnanndn</subfield>
  </datafield>
  <datafield tag="145" ind1="0" ind2=" ">
    <subfield code="a">c</subfield>
  </datafield>
  <datafield tag="200" ind1="1" ind2=" ">
    <subfield code="a">&#x423;&#x433;&#x43E;&#x43B;&#x43E;&#x43A;</subfield>
    <subfield code="b">&#x417;&#x432;&#x443;&#x43A;&#x43E;&#x437;&#x430;&#x43F;&#x438;&#x441;&#x44C;</subfield>
    <subfield code="e">&#x446;&#x44B;&#x433;. &#x440;&#x43E;&#x43C;.</subfield>
    <subfield code="f">[&#x428;&#x442;&#x435;&#x439;&#x43C;&#x430;&#x43D;]</subfield>
  </datafield>
  <datafield tag="203" ind1=" " ind2=" ">
    <subfield code="a">&#x443;&#x441;&#x442;&#x43D;&#x430;&#x44F; &#x440;&#x435;&#x447;&#x44C;</subfield>
    <subfield code="b">&#x438;&#x441;&#x43F;&#x43E;&#x43B;&#x43D;&#x438;&#x442;&#x435;&#x43B;&#x44C;&#x441;&#x43A;&#x430;&#x44F;</subfield>
    <subfield code="c">&#x430;&#x443;&#x434;&#x438;&#x43E;</subfield>
  </datafield>
  <datafield tag="210" ind1=" " ind2=" ">
    <subfield code="a">S. l.</subfield>
    <subfield code="c">Zonophone record</subfield>
    <subfield code="d">[1908]</subfield>
  </datafield>
  <datafield tag="215" ind1=" " ind2=" ">
    <subfield code="a">1 &#x433;&#x440;&#x43F;. (&#x43E;&#x43A;. 5 &#x43C;&#x438;&#x43D;) : 78 &#x43E;&#x431;/&#x43C;&#x438;&#x43D;, &#x43C;&#x43E;&#x43D;&#x43E;</subfield>
    <subfield code="d">25 &#x441;&#x43C;, &#x432; &#x43A;&#x43E;&#x43D;&#x432;.</subfield>
  </datafield>
  <datafield tag="300" ind1=" " ind2=" ">
    <subfield code="a">&#x417;&#x430;&#x43F;&#x438;&#x441;&#x44C; 1908 &#x433;., &#x41C;&#x43E;&#x441;&#x43A;&#x432;&#x430;</subfield>
  </datafield>
  <datafield tag="300" ind1=" " ind2=" ">
    <subfield code="a">&#x418;&#x43D;&#x436;. &#x437;&#x432;&#x443;&#x43A;&#x43E;&#x437;&#x430;&#x43F;. &#x424;. &#x425;&#x430;&#x43C;&#x43F;&#x435;</subfield>
  </datafield>
  <datafield tag="300" ind1=" " ind2=" ">
    <subfield code="a">&#x414;&#x430;&#x442;&#x430; &#x437;&#x430;&#x43F;&#x438;&#x441;&#x438; &#x443;&#x441;&#x442;&#x430;&#x43D;&#x43E;&#x432;&#x43B;. &#x43F;&#x43E; &#x43A;&#x430;&#x442;. &#x410;. &#x41A;&#x435;&#x43B;&#x43B;&#x438;</subfield>
  </datafield>
  <datafield tag="423" ind1=" " ind2="0">
    <subfield code="1">2001#$a&#x412;&#x447;&#x435;&#x440;&#x430; &#x436;&#x434;&#x430;&#x43B;&#x430; &#x44F; &#x434;&#x440;&#x443;&#x433;&#x430;$e&#x446;&#x44B;&#x433;. &#x440;&#x43E;&#x43C;.$f[&#x43A; &#x438;&#x437;&#x434;&#x430;&#x43D;&#x438;&#x44E; &#x432; &#x446;&#x435;&#x43B;&#x43E;&#x43C;:] &#x438;&#x441;&#x43F;&#x43E;&#x43B;&#x43D;.: &#x412;&#x430;&#x440;&#x44F; &#x41F;&#x430;&#x43D;&#x438;&#x43D;&#x430;, &#x43A;&#x43E;&#x43D;&#x442;&#x440;&#x430;&#x43B;&#x44C;&#x442;&#x43E;, &#x438;&#x437;&#x432;&#x435;&#x441;&#x442;&#x43D;. &#x438;&#x441;&#x43F;&#x43E;&#x43B;&#x43D;. &#x446;&#x44B;&#x433;. &#x440;&#x43E;&#x43C;.</subfield>
    <subfield code="1">210##$aS. l.$cZonophone record$d[1908]</subfield>
    <subfield code="1">702#1$9z01790$a&#x41F;&#x430;&#x43D;&#x438;&#x43D;&#x430;$b&#x412;. &#x412;.$g&#x412;&#x430;&#x440;&#x432;&#x430;&#x440;&#x430; &#x412;&#x430;&#x441;&#x438;&#x43B;&#x44C;&#x435;&#x432;&#x43D;&#x430;$c&#x443;&#x440;&#x43E;&#x436;&#x434;. &#x412;&#x430;&#x441;&#x438;&#x43B;&#x44C;&#x435;&#x432;&#x430;$f1872-1911$4721$4vcl$7ca</subfield>
    <subfield code="1">790#1$9z01702$aPanina$bV. V.$gVarvara Vasil`evna$f1872-1911$4721$4vcl$7ba</subfield>
    <subfield code="t">&#x412;&#x447;&#x435;&#x440;&#x430; &#x436;&#x434;&#x430;&#x43B;&#x430; &#x44F; &#x434;&#x440;&#x443;&#x433;&#x430;</subfield>
  </datafield>
  <datafield tag="606" ind1="1" ind2=" ">
    <subfield code="a">&#x426;&#x44B;&#x433;&#x430;&#x43D;&#x441;&#x43A;&#x438;&#x435; &#x440;&#x43E;&#x43C;&#x430;&#x43D;&#x441;&#x44B;</subfield>
    <subfield code="y">&#x420;&#x43E;&#x441;&#x441;&#x438;&#x44F;</subfield>
    <subfield code="z">19-20 &#x432;&#x432;.</subfield>
    <subfield code="j">&#x417;&#x432;&#x443;&#x43A;&#x43E;&#x437;&#x430;&#x43F;&#x438;&#x441;&#x44C;</subfield>
    <subfield code="2">nlr_sh</subfield>
  </datafield>
  <datafield tag="606" ind1="1" ind2=" ">
    <subfield code="a">&#x41A;&#x43E;&#x43D;&#x442;&#x440;&#x430;&#x43B;&#x44C;&#x442;&#x43E; &#x440;&#x443;&#x441;&#x441;&#x43A;&#x438;&#x435;</subfield>
    <subfield code="z">19-20 &#x432;&#x432;.</subfield>
    <subfield code="j">&#x417;&#x432;&#x443;&#x43A;&#x43E;&#x437;&#x430;&#x43F;&#x438;&#x441;&#x44C;</subfield>
    <subfield code="2">nlr_sh</subfield>
    <subfield code="7">ca</subfield>
  </datafield>
  <datafield tag="686" ind1=" " ind2=" ">
    <subfield code="a">&#x429;943.3-043.33(28)&#x44F;43</subfield>
  </datafield>
  <datafield tag="700" ind1=" " ind2="1">
    <subfield code="6">z01790</subfield>
    <subfield code="a">&#x428;&#x442;&#x435;&#x439;&#x43C;&#x430;&#x43D;</subfield>
    <subfield code="b">&#x421;. &#x410;.</subfield>
    <subfield code="4">230</subfield>
    <subfield code="7">ca</subfield>
  </datafield>
  <datafield tag="702" ind1=" " ind2="1">
    <subfield code="6">z02790</subfield>
    <subfield code="a">&#x41F;&#x430;&#x43D;&#x438;&#x43D;&#x430; (&#x412;&#x430;&#x441;&#x438;&#x43B;&#x44C;&#x435;&#x432;&#x430;)</subfield>
    <subfield code="b">&#x412;.&#x412;.</subfield>
    <subfield code="f">1872-1911</subfield>
    <subfield code="g">&#x412;&#x430;&#x440;&#x432;&#x430;&#x440;&#x430; &#x412;&#x430;&#x441;&#x438;&#x43B;&#x44C;&#x435;&#x432;&#x43D;&#x430;</subfield>
    <subfield code="4">721</subfield>
    <subfield code="7">ca</subfield>
  </datafield>
  <datafield tag="702" ind1=" " ind2="1">
    <subfield code="6">z03790</subfield>
    <subfield code="a">&#x425;&#x430;&#x43C;&#x43F;&#x435;</subfield>
    <subfield code="b">&#x413;. &#x424;.</subfield>
    <subfield code="c">&#x438;&#x43D;&#x436;&#x435;&#x43D;&#x435;&#x440; &#x437;&#x430;&#x43F;&#x438;&#x441;&#x438;</subfield>
    <subfield code="f">1879-1947</subfield>
    <subfield code="g">&#x413;&#x435;&#x43E;&#x440;&#x433; &#x424;&#x440;&#x430;&#x43D;&#x446;</subfield>
    <subfield code="4">670</subfield>
    <subfield code="7">ca</subfield>
  </datafield>
  <datafield tag="702" ind1=" " ind2="1">
    <subfield code="6">z04790</subfield>
    <subfield code="a">&#x41A;&#x435;&#x43B;&#x43B;&#x438;</subfield>
    <subfield code="b">&#x410;.</subfield>
    <subfield code="f">1928-2015</subfield>
    <subfield code="g">&#x410;&#x43B;&#x430;&#x43D;</subfield>
    <subfield code="4">365</subfield>
    <subfield code="7">ca</subfield>
  </datafield>
  <datafield tag="790" ind1=" " ind2="1">
    <subfield code="6">z01700</subfield>
    <subfield code="a">&#x160;tejman</subfield>
    <subfield code="b">S. A.</subfield>
    <subfield code="g">S. A.</subfield>
    <subfield code="4">230</subfield>
    <subfield code="7">ba</subfield>
  </datafield>
  <datafield tag="790" ind1=" " ind2="1">
    <subfield code="6">z02702</subfield>
    <subfield code="a">Panina</subfield>
    <subfield code="b">V.</subfield>
    <subfield code="f">1872-1911</subfield>
    <subfield code="g">Varvara</subfield>
    <subfield code="4">721</subfield>
    <subfield code="7">ba</subfield>
  </datafield>
  <datafield tag="790" ind1=" " ind2="1">
    <subfield code="6">z03702</subfield>
    <subfield code="a">Hampe</subfield>
    <subfield code="b">G. F.</subfield>
    <subfield code="c">recording engineer</subfield>
    <subfield code="f">1879-1947</subfield>
    <subfield code="g">Georg Franz</subfield>
    <subfield code="4">670</subfield>
    <subfield code="7">ba</subfield>
  </datafield>
  <datafield tag="790" ind1=" " ind2="1">
    <subfield code="6">z04702</subfield>
    <subfield code="a">Kelly</subfield>
    <subfield code="b">A.</subfield>
    <subfield code="f">1928-2015</subfield>
    <subfield code="g">Alan</subfield>
    <subfield code="4">365</subfield>
    <subfield code="7">ca</subfield>
  </datafield>
  <datafield tag="801" ind1=" " ind2="0">
    <subfield code="a">RU</subfield>
    <subfield code="b">NLR</subfield>
    <subfield code="c">20180917</subfield>
    <subfield code="g">PSBO</subfield>
  </datafield>
  <datafield tag="801" ind1=" " ind2="1">
    <subfield code="a">RU</subfield>
    <subfield code="b">NLR</subfield>
    <subfield code="c">20180917</subfield>
    <subfield code="2">rusmarc</subfield>
  </datafield>
  <datafield tag="801" ind1=" " ind2="2">
    <subfield code="a">RU</subfield>
    <subfield code="b">NLR</subfield>
    <subfield code="c">20260403</subfield>
  </datafield>
  <datafield tag="852" ind1=" " ind2=" ">
    <subfield code="a">NLR</subfield>
    <subfield code="j">&#x41C;&#x433; 2&#x43A;/8260</subfield>
    <subfield code="m">33249</subfield>
    <subfield code="t">1</subfield>
  </datafield>
  <datafield tag="942" ind1=" " ind2=" ">
    <subfield code="c">REC</subfield>
  </datafield>
  <datafield tag="980" ind1=" " ind2=" ">
    <subfield code="a">ONIZ</subfield>
  </datafield>
  <datafield tag="980" ind1=" " ind2=" ">
    <subfield code="a">NB</subfield>
  </datafield>
</record>
